LEADER 01277nam a2200313 a 4500 001 000000126972 003 CaOOAMICUS 005 20150622122524.0 008 111111s2011 it ad u000 u ita r 040 $aPUL$bita 041 1 $aita$hger 082 04$a150 100 1 $aFreud, Sigmund,$d1856-1939.$0(OLS)http://pul/name/1881 240 10$aTraumdeutung.$lItaliano.$0(OLS)http://pul/title/79827 245 12$aL'interpretazione dei sogni /$cSigmund Freud. 250 $aEd. integrale. 260 $aMilano :$bIl Sole 24 ore,$cİ2011$aRoma :$bNewton Compton Editori 300 $a477 p. :$bill., graf. ;$c22 cm 490 1 $aTutto Freud ;$v1 650 4$aSogni (psicologia)$xInterpretazione.$0(OLS)http://pul/subject/7268 830 0$aTutto Freud ;$v1.$0(OLS)http://pul/title/160403 850 $aPUL 852 $aPUL$W1$xDP2 Filosofia 3$y112$m150 COLL 5.1$j146821$qDDC 21$B145516$CPULBib$Z2$F145516 $H118425 $82 941 1 $a9 996 $6082$a150$9(OLS)http://pul/classification/361 996 $6245$aL'interpretazione dei sogni$9(OLS)http://pul/title/160402 996 $6260$aMilano :$bIl Sole 24 ore$9(OLS)http://pul/publisher/69212 996 $6260$aRoma :$bNewton Compton Editori$9(OLS)http://pul/publisher/68839 LEADER 01287nam a2200301 a 4500 001 000000170908 003 CaOOAMICUS 005 20181203123804.0 008 181203s2014 it u001 u ita r 020 $a978-88-7839-297-7* 032 $aLibriCat 040 $aPUL$bita 082 04$a149 245 00$aRealismo e metodo :$bla riflessione epistemologica di Bernard Lonergan /$ca cura di Rosanna Finamore. 260 $aRoma :$bGregorian & Biblical Press,$cİ2014. 300 $a259 p. ;$c21 cm. 490 1 $aPhilosophia ;$v04 650 4$aEpistemologia.$0(OLS)http://pul/subject/439 700 1 $aFinamore, Rosanna,$d1948-$0(OLS)http://pul/name/34853 830 0$aPhilosophia (Gregorian & Biblical Press) ;$v04.$0(OLS)http://pul/title/153681 850 $aPUL 852 $aPUL$W1$xDP2 Filosofia 3$y112$m149 FINRO 1$j194228$qDDC 21$B199427$CPULBib$Z2$F199427 $H131834 $81 941 1 $a9 996 $6020$a978-88-7839-297-7*$9(OLS)http://pul/number/165474 996 $6082$a149$9(OLS)http://pul/classification/147 996 $6245$aRealismo e metodo :$bla riflessione epistemologica di Bernard Lonergan$9(OLS)http://pul/title/211754 996 $6260$aRoma :$bGregorian & Biblical Press$9(OLS)http://pul/publisher/81048